000 00918nam a2200229 a 4500
003 0
005 20250320092253.0
008 060802s19uu xx 00 eng d
050 _aPGS LC 92.P6.A87
_b.P438 2006
100 _aPerez, Herschel C.
245 _aA study on the assessment of public and private school students of their school in Las Piñas /
_cHerschel C. Perez.
260 _aLas Piñas City, Philippines :
_bSouthville International School and Colleges,
_c2006.
300 _a30 pages :
_billustrations ;
_c28 cm.
504 _aIncludes bibliographical references.
650 _aComparative education
_vPhilippines.
650 _aEducation
_zPhilippines
_vEvaluation.
650 _aPublic schools
_zPhilippines
_vEvaluation.
650 _aPrivate schools
_zPhilippines
_vEvaluation.
650 _aSchool environment
_zPhilippines.
650 _aEducational quality
_zPhilippines.
942 _2lcc
_cPASS
999 _c97537
_d97537